<?xml version="1.0" encoding="UTF-8"?>
<record
    xmlns:xsi="http://www.w3.org/2001/XMLSchema-instance"
    xsi:schemaLocation="http://www.loc.gov/MARC21/slim http://www.loc.gov/standards/marcxml/schema/MARC21slim.xsd"
    xmlns="http://www.loc.gov/MARC21/slim">

  <leader>00467nam a2200169   4500</leader>
  <controlfield tag="001">43982</controlfield>
  <datafield tag="090" ind1=" " ind2=" ">
    <subfield code="a">43982</subfield>
  </datafield>
  <datafield tag="100" ind1=" " ind2=" ">
    <subfield code="a">20241129              pory50       </subfield>
  </datafield>
  <datafield tag="101" ind1=" " ind2=" ">
    <subfield code="a">por</subfield>
  </datafield>
  <datafield tag="102" ind1=" " ind2=" ">
    <subfield code="a">PT</subfield>
  </datafield>
  <datafield tag="200" ind1=" " ind2=" ">
    <subfield code="a">Gato fedorento esmi&#xFA;&#xE7;a os sufr&#xE1;gios</subfield>
    <subfield code="f">Gato fedorento</subfield>
    <subfield code="g">Tiago Dores , Miguel G&#xF3;is , Ricardo Ara&#xFA;jo Pereira , Z&#xE9; Diogo Quintela</subfield>
  </datafield>
  <datafield tag="210" ind1=" " ind2=" ">
    <subfield code="a">[S.l.]</subfield>
    <subfield code="c">SIC</subfield>
    <subfield code="d">[cop. 2009]</subfield>
  </datafield>
  <datafield tag="215" ind1=" " ind2=" ">
    <subfield code="a">3 DVD</subfield>
  </datafield>
  <datafield tag="300" ind1=" " ind2=" ">
    <subfield code="a">12h42m
M/6</subfield>
  </datafield>
  <datafield tag="675" ind1=" " ind2=" ">
    <subfield code="a">82-22</subfield>
  </datafield>
  <datafield tag="801" ind1=" " ind2=" ">
    <subfield code="a">PT</subfield>
    <subfield code="g">RPC</subfield>
  </datafield>
  <datafield tag="990" ind1=" " ind2=" ">
    <subfield code="c">FILMES DVD</subfield>
  </datafield>
  <datafield tag="995" ind1=" " ind2=" ">
    <subfield code="1">0</subfield>
    <subfield code="9">71185</subfield>
    <subfield code="b">BAVR</subfield>
    <subfield code="c">BAVR</subfield>
    <subfield code="f">80605</subfield>
    <subfield code="k">COMED GAT</subfield>
    <subfield code="o">0</subfield>
    <subfield code="r">FILMES DVD</subfield>
    <subfield code="u">302 a 304 Com&#xE9;dia do grupo:&#xBB;Gato fedorento&#xBB; </subfield>
  </datafield>
</record>
